[Event "I LIGA CS 2016"]
[Site "Kragujevac"]
[Date "2016.09.10"]
[Round "1.7"]
[White "Chatalbashev, Boris"]
[Black "Enchev, Ivajlo"]
[Result "1-0"]
[WhiteElo "2542"]
[BlackElo "2451"]
[PlyCount "109"]
[EventDate "2016.??.??"]
[WhiteClock "0:10:50"]
[BlackClock "0:17:21"]

1. c4 c6 2. Nf3 Nf6 3. g3 d5 4. Bg2 e6 5. b3 Be7 6. Bb2 O-O 7. O-O b6 8. Nc3
Bb7 9. d4 Nbd7 10. Qc2 Rc8 11. Rad1 Qc7 12. Qb1 Ba6 13. Nd2 c5 14. dxc5 Bxc5
15. cxd5 exd5 16. Bxd5 Nxd5 17. Nxd5 Qc6 18. Nc4 Rfe8 19. Qf5 Nf8 20. Rd2 Bb7
21. Rfd1 Ng6 22. h4 Bf8 23. e4 Qe6 24. h5 Qxf5 25. exf5 Ne7 26. Nd6 Nxd5 27.
Nxb7 Nc3 28. Bxc3 Rxc3 29. Rd8 Rxd8 30. Rxd8 Rc2 31. a4 Rc3 32. Ra8 a5 33. Rb8
Rc6 34. Nd8 Rd6 35. Rc8 g6 36. hxg6 hxg6 37. fxg6 fxg6 38. Nc6 Kg7 39. Ne5 Rd5
40. Rc7+ Kg8 41. Nxg6 Rd1+ 42. Kg2 Bc5 43. Ne5 Rb1 44. Nd7 Bd4 45. Rc4 Rd1 46.
f4 Kf7 47. Kf3 Bb2 48. Nxb6 Rd3+ 49. Kg4 Rxb3 50. Nd7 Ba3 51. Rc7 Re3 52. Nb6+
Kf8 53. Rc8+ Kg7 54. Rc7+ Kf8 55. Ra7 1-0

[Event "I LIGA CS 2016"]
[Site "Kragujevac"]
[Date "2016.09.10"]
[Round "1.8"]
[White "Radovanovic, Nikola"]
[Black "Mijailovic, Zoran"]
[Result "1/2-1/2"]
[WhiteElo "2396"]
[BlackElo "2411"]
[PlyCount "44"]
[EventDate "2016.??.??"]
[WhiteClock "0:19:59"]
[BlackClock "0:15:14"]

1. d4 Nf6 2. c4 e6 3. Nc3 Bb4 4. e3 O-O 5. Nge2 Re8 6. a3 Bf8 7. d5 a5 8. Ng3
Na6 9. Be2 Nc5 10. O-O exd5 11. cxd5 c6 12. Bf3 a4 13. Rb1 Qb6 14. e4 cxd5 15.
exd5 d6 16. Be3 Bd7 17. Qd4 Qd8 18. Rfe1 h6 19. Rbd1 Ra6 20. Qc4 Rb6 21. Re2
Rb3 22. h4 Qb6 1/2-1/2

[Event "I LIGA CS 2016"]
[Site "Kragujevac"]
[Date "2016.09.10"]
[Round "1.9"]
[White "Radusinovic, Lazar"]
[Black "Zlatanovic, Boroljub"]
[Result "1/2-1/2"]
[WhiteElo "2349"]
[BlackElo "2392"]
[PlyCount "54"]
[EventDate "2016.??.??"]
[WhiteClock "0:20:52"]
[BlackClock "0:31:03"]

1. d4 g6 2. Nf3 Bg7 3. g3 d6 4. Bg2 Nf6 5. O-O O-O 6. a4 a5 7. Nc3 Nbd7 8. e4
e5 9. Re1 c6 10. h3 Re8 11. Be3 exd4 12. Bxd4 Qc7 13. Qd2 Ne5 14. Nxe5 dxe5 15.
Bc5 Rd8 16. Qe3 Nd7 17. Be7 Re8 18. Ba3 Qb6 19. Nd1 Bf8 20. Bxf8 Rxf8 21. Qh6
Nc5 22. b3 Be6 23. Ne3 Rad8 24. Nf5 gxf5 25. Qg5+ Kh8 26. Qf6+ Kg8 27. Qg5+ Kh8
1/2-1/2

[Event "I LIGA CS 2016"]
[Site "Kragujevac"]
[Date "2016.09.10"]
[Round "1.10"]
[White "Novoselski, Zoran"]
[Black "Nadj Hedjesi, Balind"]
[Result "0-1"]
[WhiteElo "2323"]
[BlackElo "2311"]
[PlyCount "76"]
[EventDate "2016.??.??"]
[WhiteClock "0:25:45"]
[BlackClock "0:04:35"]

1. c4 c5 2. Nc3 b6 3. Nf3 Bb7 4. g3 Bxf3 5. exf3 Nc6 6. Bg2 g6 7. O-O Bg7 8.
Re1 e6 9. Nb5 d6 10. d3 a6 11. f4 Nge7 12. Na3 O-O 13. Nc2 Rb8 14. Rb1 b5 15.
a3 d5 16. cxb5 axb5 17. Be3 d4 18. Bd2 c4 19. Nb4 Nxb4 20. Bxb4 Qd7 21. Qe2
Rfc8 22. Rec1 Nd5 23. Be1 c3 24. Qd1 b4 25. bxc3 bxc3 26. Ra1 Rb2 27. h4 h5 28.
Qf3 f5 29. Qd1 Nb6 30. a4 Nd5 31. a5 Ra8 32. a6 Rb6 33. a7 Rxa7 34. Rxa7 Qxa7
35. Ra1 c2 36. Qc1 Qxa1 37. Qxa1 Rb1 38. Qa8+ Kh7 0-1

[Event "I LIGA CS 2016"]
[Site "Kragujevac"]
[Date "2016.09.10"]
[Round "1.11"]
[White "Lukic, Dragan M"]
[Black "Radovic, Janko"]
[Result "0-1"]
[WhiteElo "2242"]
[BlackElo "2258"]
[PlyCount "50"]
[EventDate "2016.??.??"]
[WhiteClock "0:02:43"]
[BlackClock "0:14:59"]

1. e4 c5 2. Nf3 d6 3. d4 cxd4 4. Nxd4 Nf6 5. Nc3 a6 6. Bg5 e6 7. f4 h6 8. Bh4
Qb6 9. a3 Nc6 10. Bf2 Qc7 11. Qd2 Be7 12. Be2 O-O 13. g4 Nxd4 14. Bxd4 e5 15.
Bf2 Bxg4 16. Bxg4 Nxg4 17. Nd5 Qd8 18. Bb6 Bh4+ 19. Ke2 Qd7 20. Rag1 exf4 21.
Qxf4 f5 22. exf5 Rae8+ 23. Kd1 Rxf5 24. Qd2 Qc6 25. Nc3 Qf3+ 0-1

[Event "I LIGA CS 2016"]
[Site "Kragujevac"]
[Date "2016.09.10"]
[Round "1.12"]
[White "Radovic, Luka"]
[Black "Elez, Nikola"]
[Result "1-0"]
[WhiteElo "2254"]
[BlackElo "2211"]
[PlyCount "91"]
[EventDate "2016.??.??"]
[WhiteClock "0:26:23"]
[BlackClock "0:29:02"]

1. Nf3 d6 2. g3 Bg4 3. Bg2 c6 4. c4 Qd7 5. h3 Bxf3 6. Bxf3 g6 7. Nc3 Bg7 8. d4
Nf6 9. e4 O-O 10. Be3 e5 11. d5 c5 12. g4 Na6 13. h4 Nc7 14. a4 Rab8 15. h5 a6
16. g5 Nfe8 17. Bg4 Qe7 18. hxg6 hxg6 19. Qe2 f5 20. gxf6 Nxf6 21. Bg5 Qe8 22.
f3 Kf7 23. Kd2 Rh8 24. Qg2 Qe7 25. Rag1 Rxh1 26. Rxh1 Rh8 27. Rxh8 Bxh8 28. Qh3
Bg7 29. a5 Qd8 30. Bc8 Kg8 31. Bxb7 Qf8 32. Bc8 Qe7 33. Be6+ Kf8 34. Bc8 Qf7
35. Be6 Nxe6 36. dxe6 Qb7 37. Kc2 Qb4 38. Bxf6 Bxf6 39. Qh7 Bg7 40. e7+ Kf7 41.
Qxg7+ Kxg7 42. e8=Q Qxc4 43. Qe7+ Kh6 44. Qxd6 Qb4 45. Qxa6 Qd4 46. Qd3 1-0

[Event "I liga CS 2016."]
[Site "Kragujevac,hotel Sumarice"]
[Date "2016.09.10"]
[Round "1.2"]
[White "Paunovic, Tomislav"]
[Black "Radovanovic, Jovica"]
[Result "1-0"]
[WhiteElo "2347"]
[BlackElo "2351"]
[PlyCount "99"]
[EventDate "2016.09.10"]

1. d4 Nf6 2. c4 e6 3. Nc3 Bb4 4. Qb3 c5 5. Nf3 d5 6. dxc5 Nc6 7. e3 O-O 8. Be2
Bxc5 9. cxd5 exd5 10. O-O a6 11. Rd1 Be6 12. Nd4 Qe7 13. Na4 Bd6 14. Bd2 Ne4
15. Be1 Rad8 16. Nxc6 bxc6 17. Bxa6 Qh4 18. f4 Qh6 19. Qc2 g5 20. g3 gxf4 21.
exf4 Kh8 22. Nc3 Bg4 23. Nxe4 Bxd1 24. Qc3+ Qg7 25. Nxd6 Rxd6 26. Qxg7+ Kxg7
27. Rxd1 Rb8 28. Bc3+ f6 29. Bc4 Re6 30. Bb3 Re4 31. Bc2 Re2 32. Bd3 Ree8 33.
Bd4 Ra8 34. a3 Ra5 35. Rc1 Re6 36. Kf2 Ra4 37. Be3 d4 38. Bd2 Ra8 39. Bf5 Rd6
40. Bb4 Rd5 41. Be4 Rh5 42. h4 f5 43. Bd3 Rh6 44. Bc5 Rd8 45. Rc4 Re6 46. Rxd4
Rb8 47. Rd7+ Kh6 48. Bxf5 Rxb2+ 49. Kf3 Rb3+ 50. Kg4 1-0

[Event "I liga CS 2016."]
[Site "Kragujevac,hotel Sumarice"]
[Date "2016.09.10"]
[Round "1.2"]
[White "Pantelic, Sasa"]
[Black "Manic, Jovica"]
[Result "1-0"]
[WhiteElo "2316"]
[BlackElo "2264"]
[PlyCount "63"]
[EventDate "2016.09.10"]

1. d4 Nf6 2. c4 c5 3. d5 b5 4. cxb5 e6 5. Nc3 exd5 6. Nxd5 Bb7 7. Nxf6+ Qxf6 8.
Nf3 d5 9. g3 Nd7 10. Bg2 Bd6 11. O-O O-O 12. Qc2 Rfe8 13. Re1 h6 14. Nh4 c4 15.
Bd2 Be5 16. Bc3 Nc5 17. Bxe5 Rxe5 18. Nf3 Re6 19. b3 c3 20. e3 Ne4 21. Nd4 Re5
22. f3 Nd6 23. Qxc3 Rae8 24. Rac1 Qe7 25. Nc6 Bxc6 26. bxc6 Nb5 27. Qd3 d4 28.
a4 Rxe3 29. Rxe3 dxe3 30. axb5 e2 31. Re1 Qc5+ 32. Kh1 1-0

[Event "I liga CS 2016."]
[Site "Kragujevac,hotel Sumarice"]
[Date "2016.09.10"]
[Round "1.2"]
[White "Jovanovic, Bojan P"]
[Black "Jesic, Dusan"]
[Result "1/2-1/2"]
[WhiteElo "2236"]
[BlackElo "2348"]
[PlyCount "78"]
[EventDate "2016.09.10"]

1. d4 Nf6 2. Bf4 b6 3. e3 Bb7 4. h3 e6 5. Nd2 c5 6. c3 d5 7. Ngf3 Bd6 8. Bb5+
Bc6 9. Bd3 Bxf4 10. exf4 O-O 11. O-O Qd6 12. g3 Rc8 13. Qe2 Be8 14. Rad1 Nc6
15. a3 a5 16. Qe3 c4 17. Bb1 b5 18. f5 exf5 19. Bxf5 Bd7 20. Nh4 g6 21. Bxd7
Qxd7 22. Qg5 Kg7 23. g4 h6 24. Qf4 Re8 25. Rfe1 b4 26. axb4 axb4 27. Nf1 bxc3
28. bxc3 Ne7 29. Ng3 Neg8 30. Re5 Re6 31. Rde1 Rae8 32. Kg2 Kf8 33. g5 hxg5 34.
Qxg5 Rxe5 35. Rxe5 Rxe5 36. Qxe5 Qe8 37. Qd6+ Qe7 38. Qb8+ Qe8 39. Qd6+ Qe7
1/2-1/2

[Event "I liga CS 2016."]
[Site "Kragujevac,hotel Sumarice"]
[Date "2016.09.10"]
[Round "1.2"]
[White "Urosevic, Zoran"]
[Black "Arandjelovic, Aleksandar Z"]
[Result "1/2-1/2"]
[WhiteElo "2196"]
[BlackElo "2049"]
[PlyCount "94"]
[EventDate "2016.09.10"]

1. d4 d5 2. Nf3 Nf6 3. g3 g6 4. Bg2 Bg7 5. O-O O-O 6. c4 c6 7. b3 Bf5 8. Nc3
Ne4 9. Bb2 Qa5 10. Qc1 Nd7 11. Nxe4 Bxe4 12. Bh3 Bxf3 13. exf3 Nf6 14. Re1 e6
15. Qc2 Rad8 16. Bc3 Qc7 17. Rad1 Rc8 18. c5 Rfe8 19. b4 b5 20. a4 a6 21. Ra1
Ra8 22. Ra2 Nd7 23. f4 Nf6 24. f3 Nh5 25. Rea1 Rab8 26. axb5 axb5 27. Ra7 Rb7
28. Ra8 Rxa8 29. Rxa8+ Rb8 30. Qa2 Rxa8 31. Qxa8+ Bf8 32. Bd2 f5 33. Kf2 Kf7
34. Ke2 Bg7 35. Kd3 Bf6 36. Bf1 h6 37. Be2 Be7 38. Kc3 Nf6 39. Qa6 Qd7 40. Kb3
Ne8 41. h3 Nc7 42. Qb7 Bd8 43. h4 h5 44. Be3 Ke7 45. Bd1 Ne8 46. Qa8 Nc7 47.
Qb7 Ne8 1/2-1/2

[Event "I liga CS 2016."]
[Site "Kragujevac,hotel Sumarice"]
[Date "2016.09.10"]
[Round "1.2"]
[White "Manic, Ljubomir"]
[Black "Merdovic, Miroljub"]
[Result "0-1"]
[WhiteElo "2152"]
[BlackElo "2123"]
[PlyCount "104"]
[EventDate "2016.09.10"]

1. Nf3 c6 2. b3 d6 3. d4 Qc7 4. Bb2 Bg4 5. Nbd2 Nd7 6. e4 e5 7. Be2 Ngf6 8. O-O
Be7 9. c4 O-O 10. Re1 Rfe8 11. Qc2 Nf8 12. dxe5 N6d7 13. exd6 Bxd6 14. h3 Bh5
15. Nd4 Bg6 16. a3 Bf4 17. f3 Nf6 18. Bd3 Rad8 19. b4 Rd7 20. N2b3 Red8 21.
Rad1 Bg3 22. Rf1 Bh2+ 23. Kh1 Be5 24. Be2 Nh5 25. Rfe1 Bg3 26. Rf1 Qf4 27. Bc1
Qh4 28. f4 Bf2 29. Bxh5 Bxh5 30. Rxf2 Bxd1 31. Qb2 Bxb3 32. Nxb3 Qg3 33. Rd2
Ng6 34. Nd4 Qe1+ 35. Kh2 Qxe4 36. Nf3 Qxf4+ 37. Kh1 Qxc4 38. Rc2 Qf1+ 39. Kh2
h5 40. Be3 Rd1 41. h4 R8d3 42. Re2 Qh1+ 43. Kg3 Rb1 44. Qc2 Qd1 45. Qxd1 Rbxd1
46. Bxa7 Rxa3 47. Bc5 f6 48. Re8+ Kf7 49. Rb8 Rd7 50. Kf2 Nf4 51. Rf8+ Kg6 52.
Kg3 Nd3 0-1

[Event "I LIGA CS 2016"]
[Site "Kragujevac"]
[Date "2016.09.10"]
[Round "1.1"]
[White "Zajic, Milan"]
[Black "Lalic, Bogdan"]
[Result "1/2-1/2"]
[WhiteElo "2483"]
[BlackElo "2434"]
[PlyCount "57"]
[EventDate "2016.??.??"]
[WhiteClock "0:11:17"]
[BlackClock "0:28:48"]

1. e4 e5 2. Nf3 Nc6 3. g3 Nf6 4. d3 g6 5. Bg2 Bg7 6. O-O O-O 7. Nbd2 d5 8. exd5
Nxd5 9. Re1 h6 10. c3 Re8 11. a4 a5 12. Nb3 Nf6 13. Be3 Nd5 14. Bc5 b6 15. Ba3
Bb7 16. d4 e4 17. Ne5 Nxe5 18. dxe5 Rxe5 19. Rxe4 Rxe4 20. Bxe4 c6 21. Qf3 Qc7
22. Nd4 Re8 23. Bxd5 cxd5 24. Nb5 Qd7 25. Nd6 Re6 26. Nxb7 Qxb7 27. Rd1 Re4 28.
Kg2 Qc6 29. Rd3 1/2-1/2

[Event "I LIGA CS 2016"]
[Site "Kragujevac"]
[Date "2016.09.10"]
[Round "1.2"]
[White "Peric, Slavisa"]
[Black "Djordjevic, Vuk"]
[Result "0-1"]
[WhiteElo "2160"]
[BlackElo "2416"]
[PlyCount "78"]
[EventDate "2016.??.??"]
[WhiteClock "0:00:43"]
[BlackClock "0:01:03"]

1. d4 Nf6 2. Nf3 e6 3. c4 b6 4. g3 Ba6 5. Qb3 Nc6 6. Nbd2 Na5 7. Qc3 c5 8. dxc5
bxc5 9. Bg2 Bb7 10. O-O Be7 11. Re1 O-O 12. e4 d6 13. e5 Ne8 14. Qc2 Nc6 15.
Qb1 Qc7 16. exd6 Nxd6 17. b3 e5 18. Bb2 f6 19. Nh4 Nd4 20. Bxb7 Qxb7 21. Bxd4
cxd4 22. Nf5 Nxf5 23. Qxf5 Bb4 24. Qd3 Rad8 25. Rad1 Rfe8 26. f3 Qa6 27. a4 Qb6
28. Re2 Bc3 29. Kg2 g6 30. g4 Kg7 31. Rb1 Bxd2 32. Rxd2 a5 33. Re2 Rb8 34. h4
Re7 35. Kh3 Qd6 36. Re4 Reb7 37. f4 Qa3 38. Qd1 Rxb3+ 39. Rxb3 Rxb3+ 0-1

[Event "I LIGA CS 2016"]
[Site "Kragujevac"]
[Date "2016.09.10"]
[Round "1.3"]
[White "Brankovic, Dejan"]
[Black "Maksimovic, Branimir"]
[Result "1/2-1/2"]
[WhiteElo "2352"]
[BlackElo "2341"]
[PlyCount "87"]
[EventDate "2016.??.??"]
[WhiteClock "0:15:55"]
[BlackClock "0:37:16"]

1. e4 e6 2. d4 d5 3. Nd2 c5 4. exd5 exd5 5. Ngf3 Nc6 6. Bb5 Qe7+ 7. Be2 Qc7 8.
O-O cxd4 9. Nb3 Nf6 10. Nfxd4 Be7 11. Nb5 Qd8 12. Bf4 O-O 13. Nc7 Rb8 14. Nb5
Ra8 15. Nc7 Rb8 16. Bf3 g5 17. Bg3 g4 18. Bxd5 Bf5 19. Re1 Rc8 20. Bxc6 bxc6
21. Qxd8 Bxd8 22. Nd4 Bd7 23. Na6 c5 24. Nb3 Bb6 25. Bd6 c4 26. Nbc5 Bf5 27.
Be7 Kg7 28. Re5 Rfe8 29. Rae1 Rxe7 30. Rxe7 Kg6 31. Na4 Bd8 32. Rxa7 Bxc2 33.
Nb4 Bf5 34. Nc3 Kg7 35. Nbd5 Rb8 36. Ne7 Bd7 37. Ncd5 Bxe7 38. Rxe7 Rxb2 39. h3
Be6 40. Rxe6 Nxd5 41. hxg4 c3 42. Rc6 c2 43. Kh2 Nb4 44. Rc4 1/2-1/2

[Event "I LIGA CS 2016"]
[Site "Kragujevac"]
[Date "2016.09.10"]
[Round "1.4"]
[White "Panic, Nenad"]
[Black "Gajic, Mladen"]
[Result "1/2-1/2"]
[WhiteElo "2340"]
[BlackElo "2346"]
[PlyCount "49"]
[EventDate "2016.??.??"]
[WhiteClock "0:13:09"]
[BlackClock "0:16:05"]

1. c4 c5 2. Nc3 Nc6 3. Nf3 g6 4. g3 Bg7 5. Bg2 e6 6. d3 Nge7 7. O-O O-O 8. Bg5
h6 9. Bd2 b6 10. a3 Bb7 11. Rb1 d5 12. b4 cxb4 13. axb4 dxc4 14. dxc4 Rc8 15.
c5 bxc5 16. bxc5 Na5 17. Nb5 Rxc5 18. Nxa7 Be4 19. Rb5 Rxb5 20. Nxb5 Qb6 21.
Qa4 Bc6 22. Qxa5 Qxa5 23. Bb4 Bxb5 24. Bxa5 Re8 25. Bb4 1/2-1/2

[Event "I LIGA CS 2016"]
[Site "Kragujevac"]
[Date "2016.09.10"]
[Round "1.5"]
[White "Mladenovic, Stefan"]
[Black "Ilic, Dragan M"]
[Result "1/2-1/2"]
[WhiteElo "2273"]
[BlackElo "2333"]
[PlyCount "80"]
[EventDate "2016.??.??"]
[WhiteClock "0:31:37"]
[BlackClock "0:30:50"]

1. d4 e6 2. c4 f5 3. Nf3 Nf6 4. g3 d5 5. Bg2 c6 6. O-O Bd6 7. b3 a5 8. a4 Na6
9. Ba3 Nb4 10. Nc3 b6 11. Ne5 Bb7 12. Nd3 O-O 13. c5 Nxd3 14. exd3 bxc5 15.
dxc5 Bc7 16. Ne2 e5 17. d4 e4 18. Bc1 Ba6 19. Re1 Bxe2 20. Qxe2 Rb8 21. Rb1 Rb4
22. Qd1 f4 23. Ba3 Rb7 24. b4 axb4 25. Rxb4 Ra7 26. Rb1 Qa8 27. Bc1 Rxa4 28.
gxf4 g6 29. f3 exf3 30. Bxf3 Ra1 31. Rxa1 Qxa1 32. Be3 Qa3 33. Qa1 Ra8 34. Qxa3
Rxa3 35. Kf2 Kf7 36. Rb1 Ke6 37. Rb7 Kd7 38. Rb2 Ke6 39. Rb7 Kd7 40. Rb2 Ke6
1/2-1/2

[Event "I LIGA CS 2016"]
[Site "Kragujevac"]
[Date "2016.09.10"]
[Round "1.6"]
[White "Zivkovic, Vladislav"]
[Black "Ivic, Matija"]
[Result "0-1"]
[WhiteElo "2166"]
[BlackElo "2156"]
[PlyCount "80"]
[EventDate "2016.??.??"]
[WhiteClock "0:32:45"]
[BlackClock "0:38:39"]

1. c4 g6 2. Nc3 Bg7 3. g3 c5 4. Bg2 Nc6 5. Nf3 Nh6 6. d4 cxd4 7. Bxh6 Bxh6 8.
Nxd4 Bg7 9. e3 O-O 10. O-O d6 11. Qd2 Bd7 12. Rac1 Rc8 13. h3 Nxd4 14. exd4
Rxc4 15. Ne2 Rxc1 16. Rxc1 Qb6 17. Rc3 Be6 18. a3 Rc8 19. b4 Rc4 20. Rxc4 Bxc4
21. d5 Qa6 22. Nf4 Qxa3 23. Kh2 Qc3 24. Qd1 h5 25. Qa4 Qd4 26. Qd7 Be5 27. Qxe7
Qxf2 28. Qxb7 Bf1 29. Qc8+ Kg7 30. Ne6+ fxe6 31. Qc7+ Kh8 32. Qc8+ Kh7 33. Qb7+
Bg7 34. dxe6 Qxg2+ 35. Qxg2 Bxg2 36. Kxg2 Kg8 37. Kf3 Kf8 38. Ke4 Ke7 39. Kd5
Be5 40. g4 h4 0-1

[Event "I liga CS 2016."]
[Site "Kragujevac,hotel Sumarice"]
[Date "2016.09.10"]
[Round "1.4"]
[White "Pikula, Dejan"]
[Black "Cvetkovic, Zoran"]
[Result "1-0"]
[WhiteElo "2433"]
[BlackElo "1728"]
[PlyCount "49"]
[EventDate "2016.09.10"]

1. e4 c5 2. Nf3 Nc6 3. d4 cxd4 4. Nxd4 e5 5. Nb5 d6 6. c4 a6 7. N5c3 Be6 8. Be3
Nf6 9. Nd5 Bxd5 10. cxd5 Na7 11. Qb3 Qd7 12. Nd2 b5 13. a4 Qc8 14. axb5 Nxb5
15. Bxb5+ axb5 16. Qxb5+ Nd7 17. Rxa8 Qxa8 18. O-O Be7 19. Nc4 Qb8 20. Qc6 f6
21. Ra1 Qb4 22. Nb6 Kf7 23. Qxd7 Rd8 24. Qe6+ Kf8 25. h3 1-0

[Event "I liga CS 2016."]
[Site "Kragujevac,hotel Sumarice"]
[Date "2016.09.10"]
[Round "1.4"]
[White "Ilic, Zoran S"]
[Black "Brkljaca, Ante"]
[Result "1/2-1/2"]
[WhiteElo "2279"]
[BlackElo "2296"]
[PlyCount "22"]
[EventDate "2016.09.10"]

1. d4 Nf6 2. Nf3 e6 3. c4 Bb4+ 4. Bd2 c5 5. Bxb4 cxb4 6. g3 b6 7. Bg2 Bb7 8.
O-O O-O 9. a3 bxa3 10. Rxa3 d5 11. Ne5 Qe7 1/2-1/2

[Event "I liga CS 2016."]
[Site "Kragujevac,hotel Sumarice"]
[Date "2016.09.10"]
[Round "1.4"]
[White "Jovanovic, Sasa M"]
[Black "Milosavljevic, Ivan"]
[Result "1-0"]
[WhiteElo "2244"]
[BlackElo "2113"]
[PlyCount "127"]
[EventDate "2016.09.10"]

1. e4 e5 2. Nf3 Nc6 3. d4 exd4 4. Bc4 d6 5. Nxd4 Nxd4 6. Qxd4 Be6 7. O-O Ne7 8.
Nc3 a6 9. Bxe6 fxe6 10. Be3 Nc6 11. Qc4 Qd7 12. f4 b5 13. Qd3 Be7 14. Rad1 O-O
15. e5 d5 16. Ne4 Rad8 17. Nc5 Qc8 18. Bd4 Rf7 19. g3 Rdf8 20. h4 Rf5 21. c3
R8f7 22. b4 Nxd4 23. Qxd4 Bxc5 24. Qxc5 Qb7 25. Ra1 Qb6 26. a4 Qxc5+ 27. bxc5
c6 28. axb5 axb5 29. Ra8+ Rf8 30. Rfa1 R5f7 31. Rxf8+ Kxf8 32. Ra8+ Ke7 33. Kf2
Kd7 34. Ke3 Re7 35. h5 Kc7 36. g4 Kd7 37. g5 Rf7 38. Rh8 g6 39. hxg6 hxg6 40.
Rg8 Rh7 41. Rxg6 Rh3+ 42. Kd2 Rf3 43. Rg7+ Ke8 44. Rc7 Rxf4 45. g6 Kf8 46. Rxc6
Rc4 47. Rc7 d4 48. cxd4 Rxd4+ 49. Kc3 Rg4 50. g7+ Kg8 51. c6 Re4 52. Kb3 Rxe5
53. Kb4 Re1 54. Kxb5 e5 55. Re7 Rc1 56. c7 Rb1+ 57. Kc6 Rc1+ 58. Kd5 Rd1+ 59.
Kxe5 Re1+ 60. Kd6 Rd1+ 61. Ke6 Re1+ 62. Kd7 Rd1+ 63. Ke8 Rc1 64. Kd8 1-0

[Event "I liga CS 2016."]
[Site "Kragujevac,hotel Sumarice"]
[Date "2016.09.10"]
[Round "1.4"]
[White "Todorovic, Nenad I"]
[Black "Cirakovic, Ivan"]
[Result "1-0"]
[WhiteElo "2251"]
[BlackElo "2165"]
[PlyCount "120"]
[EventDate "2016.09.10"]

1. e4 c5 2. Nf3 Nc6 3. d4 cxd4 4. Nxd4 Nf6 5. Nc3 g6 6. Nxc6 dxc6 7. Qxd8+ Kxd8
8. Bc4 Be6 9. Bxe6 fxe6 10. e5 Nd7 11. f4 g5 12. Ne4 h6 13. fxg5 b6 14. Bf4 Bg7
15. O-O-O Ke8 16. gxh6 Bxh6 17. Bxh6 Rxh6 18. Ng5 Nxe5 19. Rhe1 Nf7 20. Nxe6
Rc8 21. h3 Nd6 22. Ng5 Kd7 23. Nf7 Rh7 24. Nxd6 exd6 25. Rd3 Rg8 26. g4 Rgh8
27. Ree3 Rf8 28. Rf3 Rhf7 29. Rxf7+ Rxf7 30. Kd1 Rf1+ 31. Ke2 Rh1 32. Re3 d5
33. Rg3 Ke7 34. g5 Kf7 35. Kf3 Rh2 36. Kg4 Rxc2 37. Rf3+ Kg7 38. h4 Rg2+ 39.
Kf5 Rxb2 40. Kg4 Rg2+ 41. Kf5 Rh2 42. Ra3 Rf2+ 43. Kg4 Rg2+ 44. Kh5 Kf7 45.
Rxa7+ Ke6 46. Kg6 d4 47. Ra8 Kd7 48. Ra3 c5 49. Rd3 Ke6 50. h5 Ke5 51. Rf3 Rxa2
52. h6 Rh2 53. h7 c4 54. Rf2 Rh1 55. Rf1 Rh2 56. Kg7 d3 57. h8=Q Rxh8 58. Kxh8
c3 59. g6 d2 60. g7 c2 1-0

[Event "I liga CS 2016."]
[Site "Kragujevac,hotel Sumarice"]
[Date "2016.09.10"]
[Round "1.4"]
[White "Vojinovic, Luka"]
[Black "Djukic, Nebojsa"]
[Result "1-0"]
[WhiteElo "2152"]
[BlackElo "2196"]
[PlyCount "121"]
[EventDate "2016.09.10"]

1. d4 e6 2. c4 Nf6 3. Nc3 d5 4. Bg5 Be7 5. cxd5 exd5 6. Qc2 c6 7. e3 Bg4 8. Bd3
Bh5 9. Nge2 Bxe2 10. Qxe2 Nbd7 11. O-O O-O 12. Rad1 Ne8 13. Bxe7 Qxe7 14. f3 f5
15. e4 fxe4 16. fxe4 Nc7 17. e5 Rxf1+ 18. Rxf1 Rf8 19. Bf5 g6 20. Qg4 Nb6 21.
Bd3 Rxf1+ 22. Kxf1 Nd7 23. h4 Nf8 24. Ne2 Nce6 25. a3 c5 26. h5 cxd4 27. hxg6
hxg6 28. Bxg6 Ng5 29. Bf5 d3 30. Nc3 d2 31. e6 Qf6 32. Ke2 Nfxe6 33. Bxe6+
Qxe6+ 34. Qxe6+ Nxe6 35. Nxd5 Kf7 36. Kxd2 Kg6 37. Ne7+ Kf6 38. Nc8 a6 39. Nd6
Nd8 40. Nc4 b5 41. Na5 Ke5 42. Kc3 Kd5 43. Kb4 Ne6 44. Nb3 Nf4 45. g4 Nd3+ 46.
Kc3 Nf2 47. g5 Ne4+ 48. Kb4 Nxg5 49. Ka5 Kc4 50. Nd2+ Kd3 51. Kxa6 b4 52. axb4
Kxd2 53. b5 Nf7 54. Kb6 Ne5 55. Kc7 Nd3 56. b6 Nb4 57. b7 Na6+ 58. Kb6 Nb8 59.
b4 Kc3 60. b5 Kb4 61. Kc7 1-0

[Event "I liga CS 2016."]
[Site "Kragujevac,hotel Sumarice"]
[Date "2016.09.10"]
[Round "1.4"]
[White "Grkovic, Vladan"]
[Black "Vlajkovic, Stanko"]
[Result "1/2-1/2"]
[WhiteElo "2178"]
[BlackElo "1959"]
[PlyCount "72"]
[EventDate "2016.09.10"]

1. d4 d6 2. c4 Nf6 3. Nc3 Nbd7 4. e4 e5 5. d5 Be7 6. a3 c6 7. Be3 O-O 8. Bd3
Nc5 9. Bxc5 dxc5 10. Nf3 Qc7 11. Qc2 h6 12. h3 cxd5 13. exd5 a6 14. O-O-O Rb8
15. g4 b5 16. cxb5 c4 17. Bf5 e4 18. Nd4 Bb7 19. Nc6 Bxc6 20. bxc6 Rb3 21. Rhe1
Rfb8 22. Rd2 Bxa3 23. bxa3 Qa5 24. Re3 g6 25. Kd1 gxf5 26. gxf5 Rb2 27. Rg3+
Kh7 28. Qxb2 Rxb2 29. Rxb2 Nxd5 30. Nxe4 Qa4+ 31. Kc1 Qxc6 32. Rd2 Nf6 33.
Nxf6+ Qxf6 34. Rc2 Qa1+ 35. Kd2 Qd4+ 36. Kc1 Qa1+ 1/2-1/2

[Event "I liga CS 2016."]
[Site "Kragujevac,hotel Sumarice"]
[Date "2016.09.10"]
[Round "1.5"]
[White "Ratkovic, Miloje"]
[Black "Stankovic, Milos"]
[Result "1/2-1/2"]
[WhiteElo "2414"]
[BlackElo "2410"]
[PlyCount "78"]
[EventDate "2016.09.10"]

1. d4 Nf6 2. c4 g6 3. Nc3 d5 4. Nf3 Bg7 5. cxd5 Nxd5 6. e3 O-O 7. Bc4 Nb6 8.
Bb3 Nc6 9. O-O e5 10. d5 Na5 11. e4 Nxb3 12. axb3 f5 13. Be3 Bd7 14. Bxb6 axb6
15. Rxa8 Qxa8 16. d6 c6 17. Qe2 Qa6 18. Qe3 f4 19. Qd2 Bf6 20. Rc1 g5 21. h3
Kg7 22. Na4 Qb5 23. Rc4 c5 24. Rc3 Bc6 25. h4 gxh4 26. Qd1 Bxe4 27. Nxh4 Bxh4
28. Qg4+ Kh8 29. Qxh4 Qd7 30. Qh6 Qd8 31. d7 Rg8 32. Qh5 Qe7 33. Nxb6 Bxg2 34.
Kh2 Bc6 35. f3 Rg5 36. Qh6 Rg6 37. Qh5 Qd6 38. Rd3 Qxd3 39. Qxe5+ Rg7 1/2-1/2

[Event "I liga CS 2016."]
[Site "Kragujevac,hotel Sumarice"]
[Date "2016.09.10"]
[Round "1.5"]
[White "Nestorovic, Dejan"]
[Black "Milanovic, Slavisa"]
[Result "0-1"]
[WhiteElo "2380"]
[BlackElo "2395"]
[PlyCount "74"]
[EventDate "2016.09.10"]

1. d4 e6 2. c4 Nf6 3. Nc3 Bb4 4. e3 b6 5. Nge2 Ba6 6. a3 Bxc3+ 7. Nxc3 d5 8. b3
Nc6 9. cxd5 Bxf1 10. Kxf1 exd5 11. g3 Qd7 12. Kg2 h5 13. h3 O-O-O 14. Qd3 Kb7
15. Bd2 Rde8 16. Kf1 Rh6 17. Be1 Rg6 18. f3 Ng8 19. Ra2 Rf6 20. Kg2 g5 21. g4
Rh6 22. Bf2 Nge7 23. Ne2 f5 24. gxf5 Nxf5 25. e4 Nh4+ 26. Bxh4 gxh4 27. e5 Rg8+
28. Kf2 Rhg6 29. Rg1 Rxg1 30. Nxg1 Qg7 31. Ne2 Qg2+ 32. Ke3 Rf8 33. f4 Qxh3+
34. Kd2 Qg2 35. f5 h3 36. Qg3 Rxf5 37. Ra1 Nxd4 0-1

[Event "I liga CS 2016."]
[Site "Kragujevac,hotel Sumarice"]
[Date "2016.09.10"]
[Round "1.5"]
[White "Blesic, Vaso"]
[Black "Markovic, Zoran S"]
[Result "1/2-1/2"]
[WhiteElo "2350"]
[BlackElo "2363"]
[PlyCount "58"]
[EventDate "2016.09.10"]

1. e4 c5 2. c3 d5 3. exd5 Qxd5 4. d4 Nc6 5. Nf3 Bf5 6. Be3 Nf6 7. Na3 e6 8.
dxc5 O-O-O 9. b4 Qxd1+ 10. Rxd1 Rxd1+ 11. Kxd1 Nd5 12. Kd2 a5 13. Bd3 axb4 14.
cxb4 Nxe3 15. fxe3 Nxb4 16. Bxf5 exf5 17. Rc1 Be7 18. Nb5 Rd8+ 19. Nfd4 Rd5 20.
Ke2 Kd7 21. a3 Nc6 22. Nb3 Re5 23. Kf2 b6 24. Rd1+ Kc8 25. N3d4 Kb7 26. cxb6
Kxb6 27. Rb1 Nxd4 28. Nxd4+ Kc7 29. a4 Bc5 1/2-1/2

[Event "I liga CS 2016."]
[Site "Kragujevac,hotel Sumarice"]
[Date "2016.09.10"]
[Round "1.5"]
[White "Vucinic, Gojko"]
[Black "Ivanovic, Dragutin"]
[Result "1/2-1/2"]
[WhiteElo "2439"]
[BlackElo "2291"]
[PlyCount "68"]
[EventDate "2016.09.10"]

1. e4 d6 2. d4 Nf6 3. Nc3 g6 4. Bg5 Bg7 5. Qd2 h6 6. Bf4 g5 7. Be3 Ng4 8. O-O-O
Nc6 9. Bb5 a6 10. Bxc6+ bxc6 11. h4 Nxe3 12. Qxe3 e5 13. Nge2 Qf6 14. dxe5 Qxe5
15. hxg5 hxg5 16. Rxh8+ Bxh8 17. Rh1 Bf6 18. f3 Bd7 19. g3 Qa5 20. Rh6 Ke7 21.
f4 Qb6 22. Qd3 Rh8 23. Rxh8 Bxh8 24. fxg5 Be5 25. Nd1 Bg4 26. c3 Bxe2 27. Qxe2
Bxg3 28. Qf3 Be5 29. Ne3 Qc5 30. Kc2 a5 31. Nf5+ Ke8 32. Nh6 Qc4 33. b3 Qe6 34.
a4 c5 1/2-1/2